Normal view
MARC view
- انساب العرب
Entry Topical Term
001 - CONTROL NUMBER
- control field: 35510
003 - CONTROL NUMBER IDENTIFIER
- control field: JO-AjAnu
005 - DATE AND TIME OF LATEST TRANSACTION
- control field: 20230606075934.0
008 - FIXED-LENGTH DATA ELEMENTS
- fixed length control field: 230606|| aca||aabn | a|a d
040 ## - CATALOGING SOURCE
- Original cataloging agency: JO-AjAnu
- Transcribing agency: JO-AjAnu
150 ## - HEADING--TOPICAL TERM
- Topical term or geographic name entry element: انساب العرب
670 ## - SOURCE DATA FOUND
- Source citation: Work cat.: (JO-AjAnu)18236: ابن شدقم؛ عزت، محمد زينهم محمد تقديم وتحقيق، الهامي، عائشة تقديم وتحقيق، الشرقاوي، مديحة تقديم وتحقيق, author 35509, عجالة المبتدىء وفضالة المنتهى في النسب للإمام الحازمي يلية نخبة الزهرة الثمينة في نسب اشراف المدينة